| 000 | 00927nam a2200253 a 4500 | ||
|---|---|---|---|
| 001 | 1577 | ||
| 003 | BR-CuiBMT | ||
| 005 | 20231215230849.0 | ||
| 008 | 231215s2013 msba 000 0 por d | ||
| 020 | _a9788566564013 | ||
| 040 |
_aBR-CuiBMT _cBR-CuiBMT |
||
| 080 |
_22007 _a351.94:336.148 _x(817.1) |
||
| 090 |
_a351.94:336.148(817.1) _bM433i |
||
| 110 | 1 |
_aMato Grosso do Sul _bTribunal de Contas |
|
| 245 |
_aInsucesso escolar : _babordagem financeira / _c[elaboradoras, Maria Cecília Amendola da Motta , Fernanda Olegario dos Santos Ferreira. |
||
| 260 |
_aCampo Grande : _bTCE - Mato Grosso do Sul, _c2013. |
||
| 300 |
_a230 p.: _bil. _c27 cm |
||
| 650 | _aPolíticas públicas | ||
| 650 | _aAvaliação de programas | ||
| 650 |
_aEducação _ximpacto financeiro _zMato Grosso do Sul |
||
| 700 |
_4elab. _aMotta,Maria Cecília Amendola da |
||
| 700 |
_4elab. _aFerreira, Fernanda Olegario dos Santos |
||
| 942 |
_2udc _cLV |
||
| 999 |
_c1577 _d1577 |
||